| 000 | 00674nam a2200193Ia 4500 | ||
|---|---|---|---|
| 005 | 20251020182617.0 | ||
| 008 | 200515s9999 xx 000 0 und d | ||
| 082 | _aSC/696.1/V44 | ||
| 110 | _aInce | ||
| 245 | 0 | _aPlomería : operaciones | |
| 260 | _aCaracas | ||
| 260 | _c1975 | ||
| 300 | _as.n. | ||
| 520 | _aColección de operaciones correspondientes al oficio de plomería. Para realizarlo se ha hecho previamente un análisis ocupacional, el cual fue validado en la industria y se han utilizado métodos didácticos autorizados con fines de facilitar la compresión d | ||
| 650 | _aHO | ||
| 650 | _aINSTALACIONES SANITARIAS | ||
| 650 | _aPUB INCE | ||
| 942 | _cLIB | ||
| 999 |
_c3546 _d3546 |
||